Prognostické úvahy o počtu pracovníků a odvětvové struktuře nevýrobní sféry v ČSSR

Na minha lista:
Detalhes bibliográficos
Autor principal: Stíbalová, Běla
Formato: Livro
Idioma:tcheco
Publicado em: Praha Výzkumný ústav plánování a řízení národního hospodářství 1980
Colecção:Výzkumná práce č. 90
Tags: Adicionar Tag
Sem tags, seja o primeiro a adicionar uma tag!

MARC

LEADER 00000nam a2200000 4500
001 c142259
005 20181203150525.4
041 0 |a cze 
044 |a CZ 
245 1 0 |a Prognostické úvahy o počtu pracovníků a odvětvové struktuře nevýrobní sféry v ČSSR  |c Běla Stíbalová 
264 1 |a Praha  |b Výzkumný ústav plánování a řízení národního hospodářství  |c 1980 
300 |a 159 s. 
490 1 |a Výzkumná práce  |v č. 90 
830 0 |a Výzkumná práce  |v č. 90 
100 1 |a Stíbalová, Běla